00785 a2200181 45000010006000000050017000060080041000230030015000640400040000790800070001192450038001890200022002272500011002492640038002603000019002985050270003171000016005873711420260407155641.0260407a1993 arg spa dAR-UNSa-BCEJYS aAR-UNSa-BCEJYSbspacAR-UNSa-BCEJYS a658.56xControl de la calidad. Control de herramientas y material10aCostes de calidad y de no calidad a978-84-86703-95-0 a2a. ed 1aBarcelona :bEADA Gestiónc1993 a127 p.c22 cm. a1. Contabilidad analítica y cálculo de costes - 2. Costes de calidad - 3. Costes de no calidad - 4. Los costes totales de calidad - 5. Implementación de uns sistema de costes totales de calidad - 5. Implementación de un sistema de costes totales de calidad.1 aAmat, Oriol